| 000 | 01072nam a2200313 i 4500 | ||
|---|---|---|---|
| 003 | DO-SdBNP | ||
| 005 | 20231009151144.0 | ||
| 006 | a||||gr|||| 00| 0 | ||
| 007 | ta | ||
| 008 | 231009e2016 sp ac||| |||| 00| 1 spa d | ||
| 020 | _a9788430104376 | ||
| 040 |
_aDO-SdBNP _bspa _cBNPHU _erda |
||
| 082 | 4 |
_222 _bL973o 2016 |
|
| 100 | 1 |
_aMartín Lutero, _d1483 - 1546, _984417 _eautor |
|
| 245 | 1 | 0 |
_aObras. / _cMartín Lutero; edición preparada por Teófenes Egido; cubierta diseñada por Christian Hugo Martín |
| 250 | _a5a. edición | ||
| 264 | 1 |
_aSalamanca, España : _bSígueme, _c2016 |
|
| 300 |
_a472 páginas : _bIlustraciones, retratos ; _c23 cm |
||
| 336 |
_2rdacontent _atexto _btxt |
||
| 337 |
_2rdamedia _asin medición _bn |
||
| 338 |
_2rdacarrier _avolumen _bnc |
||
| 490 |
_aEl Peso de los Días ; _v1 |
||
| 500 | _aBibliografías y notas al pie de páginas. | ||
| 500 | _aIncluye índices | ||
| 590 | _aInventariado 2023 / MF | ||
| 700 | 1 |
_aEgido, Teófenes _eeditor _984432 |
|
| 700 | 1 |
_aMartín, Christian Hugo, _eretrato _984433 |
|
| 942 |
_2ddc _cLBS1 |
||
| 999 |
_c55123 _d55123 |
||